[Event "Gipuzkoako Txapelketa Nagusia"]
[Site "Zarautz"]
[Date "2009.11.14"]
[Round "4"]
[White "Olmo Vega, Diego"]
[Black "Alcaide Luque, Aitor"]
[Result "1/2-1/2"]
[WhiteElo "2000"]
[BlackElo "2104"]
[PlyCount "46"]
[EventDate "2009.10.24"]
[EventRounds "7"]
[EventCountry "ESP"]

1. e4 e6 2. d4 d5 3. Nc3 h6 4. Bd3 Nc6 5. Nf3 Nb4 6. exd5 exd5 7. O-O Nxd3 8.
Qxd3 Be7 9. Bf4 c6 10. Rfe1 Nf6 11. Ne5 O-O 12. Re2 Be6 13. Rae1 Bb4 14. a3
Bxc3 15. Qxc3 Ne4 16. Qb3 Qf6 17. Bg3 Rab8 18. c3 h5 19. Nf3 Nxg3 20. hxg3 Rfc8
21. Qa4 a6 22. Ne5 Bf5 23. Qd1 h4 $2 1/2-1/2

[Event "Gipuzkoako Txapelketa Nagusia"]
[Site "Zarautz"]
[Date "2009.11.14"]
[Round "4"]
[White "Alvarado Fernandez, Mikel"]
[Black "Manso Marquez, Felix"]
[Result "0-1"]
[WhiteElo "2016"]
[BlackElo "2087"]
[PlyCount "104"]
[EventDate "2009.10.24"]
[EventRounds "7"]
[EventCountry "ESP"]

1. d4 Nf6 2. Bg5 e6 3. e4 h6 4. Bxf6 Qxf6 5. c3 d5 6. e5 Qd8 7. Bd3 c5 8. Ne2
Nc6 9. Nd2 Qb6 10. Qb3 Qxb3 11. axb3 cxd4 12. cxd4 Bb4 13. Rd1 Bd7 14. O-O Ba5
15. f4 Bb6 16. Nf3 Rc8 17. Rc1 Ke7 18. Kf2 Nb4 19. Bb1 Bb5 20. Ke3 f6 21. Rc3
Nc6 22. Rd1 fxe5 23. fxe5 g5 24. Bd3 Bxd3 25. Kxd3 Rcf8 26. Rcc1 Rf5 27. Rf1
Rhf8 28. Nd2 Rf2 29. Rxf2 Rxf2 30. Rg1 Nxd4 31. Nxd4 Bxd4 32. Nf3 Rxf3+ 33.
Kxd4 Rxb3 34. Rc1 Kd7 35. Rf1 Rb4+ 36. Kd3 Rf4 37. Rg1 a5 38. g4 b5 39. h4 gxh4
40. g5 hxg5 41. Rxg5 Rf5 42. Rg7+ Kc6 43. Kd4 Rh5 44. Rg6 h3 45. Rxe6+ Kd7 46.
Kxd5 h2 47. Rd6+ Kc7 48. Rc6+ Kb7 49. Rc5 h1=Q+ 50. Kd6 Rh6+ 51. e6 Qh2+ 52.
Kd7 Qd2+ 0-1

[Event "Gipuzkoako Txapelketa Nagusia"]
[Site "Zarautz"]
[Date "2009.11.14"]
[Round "4"]
[White "Guijarro Galan, Jose Luis"]
[Black "Irure Crespo, Egoitz"]
[Result "1-0"]
[WhiteElo "2085"]
[BlackElo "1967"]
[PlyCount "97"]
[EventDate "2009.10.24"]
[EventRounds "7"]
[EventCountry "ESP"]

1. e4 c6 2. d4 d5 3. e5 Bf5 4. Bd3 Bxd3 5. Qxd3 e6 6. f4 Qa5+ 7. c3 Qa6 8. Ke2
Nh6 9. Nf3 c5 10. Be3 Qxd3+ 11. Kxd3 Na6 12. Nbd2 Nf5 13. g4 c4+ 14. Ke2 Ne7
15. b4 b5 16. a4 Nc7 17. axb5 Nxb5 18. Nb1 g6 19. Bd2 Nc6 20. Na3 Nxa3 21. Rxa3
Be7 22. Raa1 Kd7 23. Ra6 Rhb8 24. f5 gxf5 25. gxf5 exf5 26. Bg5 Bf8 27. Ke3 Kc7
28. e6 fxe6 29. Bf4+ Bd6 30. Bxd6+ Kxd6 31. Ne5 f4+ 32. Kf3 Rc8 33. b5 Rab8 34.
Rxc6+ Rxc6 35. bxc6 Ra8 36. Rg1 Rc8 37. Rg7 Rc7 38. Rxc7 Kxc7 39. Kxf4 a5 40.
Ke3 Kb6 41. Kd2 Kc7 42. Kc2 Kb6 43. Kb2 Kc7 44. Ka3 Kb6 45. Ka4 Ka6 46. Nd7 h6
47. h3 e5 48. dxe5 d4 49. cxd4 1-0

[Event "Gipuzkoako Txapelketa Nagusia"]
[Site "Zarautz"]
[Date "2009.11.14"]
[Round "4"]
[White "Rodriguez Cabrera, Fco  Javier"]
[Black "Garro Beraza, Haritz"]
[Result "0-1"]
[WhiteElo "1965"]
[BlackElo "2073"]
[PlyCount "66"]
[EventDate "2009.10.24"]
[EventRounds "7"]
[EventCountry "ESP"]

1. d4 Nf6 2. c4 g6 3. Nc3 Bg7 4. e4 d6 5. f3 O-O 6. Be3 c6 7. Qd2 Nbd7 8. Nge2
a6 9. h4 h5 10. a4 Rb8 11. Nc1 b6 12. Be2 Re8 13. b4 c5 14. dxc5 dxc5 15. Nd3
Qc7 16. Bf4 e5 17. Be3 Bb7 18. b5 a5 19. O-O-O Nf8 20. Nd5 Qd6 21. Bg5 Rbc8 22.
Nf2 Bxd5 23. exd5 e4 24. Bf4 Qe7 25. d6 Qe6 26. fxe4 Nxe4 27. Nxe4 Qxe4 28.
Rhe1 Qf5 29. Bd3 Qf6 30. Bb1 Qa1 31. Re5 Rxe5 32. d7 Re4 33. dxc8=Q Rxc4+ 0-1

[Event "Gipuzkoako Txapelketa Nagusia"]
[Site "Zarautz"]
[Date "2009.11.14"]
[Round "4"]
[White "Puga Senar, Fernando"]
[Black "Segovia Sanchez, Antonio"]
[Result "0-1"]
[WhiteElo "1714"]
[BlackElo "2019"]
[PlyCount "44"]
[EventDate "2009.10.24"]
[EventRounds "7"]
[EventCountry "ESP"]

1. d4 d5 2. c4 c6 3. Nf3 Nf6 4. Nc3 e6 5. Bg5 Be7 6. e3 Nbd7 7. cxd5 exd5 8.
Bd3 O-O 9. O-O Re8 10. Re1 Nf8 11. Ne5 Ne4 12. Bxe7 Qxe7 13. f3 Nd6 14. Bc2 f6
15. Nd3 Qc7 16. e4 Qb6 17. Kh1 dxe4 18. fxe4 Qxd4 19. Qf3 Nc4 20. Rad1 Ne5 21.
Qg3 Qb6 22. Nf4 Bg4 0-1

[Event "Gipuzkoako Txapelketa Nagusia"]
[Site "Zarautz"]
[Date "2009.11.14"]
[Round "4"]
[White "Beitia Amador-Carrandi, Ernesto"]
[Black "Olabe Odriozola, Eduardo"]
[Result "1/2-1/2"]
[WhiteElo "1988"]
[BlackElo "1830"]
[PlyCount "91"]
[EventDate "2009.10.24"]
[EventRounds "7"]
[EventCountry "ESP"]

1. e4 c5 2. Ne2 d6 3. d4 cxd4 4. Nxd4 Nf6 5. Nc3 g6 6. Be3 Bg7 7. f3 O-O 8. Qd2
Nc6 9. O-O-O d5 10. Nxc6 bxc6 11. exd5 Nxd5 12. Nxd5 cxd5 13. Qxd5 Qc7 14. Qc5
Qb7 15. b3 Bf5 16. Bd3 Rfc8 17. Qa5 Bxd3 18. Rxd3 Qc6 19. Qd2 Bc3 20. Qd1 Qa6
21. Kb1 e5 22. Bc1 Qf6 23. Rd6 Qg7 24. Rd7 a5 25. Bb2 Bxb2 26. Kxb2 a4 27. Qd5
e4+ 28. Qd4 a3+ 29. Kb1 Qxd4 30. Rxd4 exf3 31. gxf3 Rc3 32. Rf1 Re8 33. Kc1
Ree3 34. Rd2 Rxf3 35. Rxf3 Rxf3 36. c4 f5 37. Kc2 Re3 38. c5 Kf7 39. b4 Ke7 40.
c6 Re6 41. b5 Rd6 $2 42. Re2+ Kd8 43. Kc3 f4 44. Kc4 f3 45. Rf2 Rf6 46. Kd5 $2
1/2-1/2

[Event "Gipuzkoako Txapelketa Nagusia"]
[Site "Zarautz"]
[Date "2009.11.14"]
[Round "4"]
[White "Agirretxe San Sebastian, Jesus"]
[Black "Bello Castano, Diego"]
[Result "1-0"]
[WhiteElo "2164"]
[BlackElo "1928"]
[PlyCount "45"]
[EventDate "2009.10.24"]
[EventRounds "7"]
[EventCountry "ESP"]

1. d4 c6 2. c4 d5 3. Nf3 Nf6 4. e3 e6 5. b3 Bd6 6. Bb2 O-O 7. Bd3 Nbd7 8. O-O
Re8 9. Ne5 c5 10. Nd2 Qc7 11. Ndf3 Nf8 12. Rc1 Qe7 13. dxc5 Bxc5 14. Ng5 dxc4
15. Bxc4 Nd5 16. Ngxf7 Nxe3 17. fxe3 Bxe3+ 18. Kh1 Bxc1 19. Qxc1 Nd7 20. Nxd7
Bxd7 21. Qc3 e5 22. Nxe5+ Be6 23. Nf7 1-0

[Event "Gipuzkoako Txapelketa Nagusia"]
[Site "Zarautz"]
[Date "2009.11.14"]
[Round "4"]
[White "Nogues Fernandez, Ramon"]
[Black "Ladron De Guevara Galar, Fco J"]
[Result "1/2-1/2"]
[WhiteElo "1862"]
[BlackElo "2071"]
[PlyCount "177"]
[EventDate "2009.10.24"]
[EventRounds "7"]
[EventCountry "ESP"]

1. e4 e5 2. Nf3 Nc6 3. d4 exd4 4. Nxd4 Bb4+ 5. c3 Bc5 6. Be3 Bb6 7. Nxc6 bxc6
8. Qd2 Qh4 9. Bd3 Nf6 10. Qe2 Ng4 11. Bxb6 axb6 12. Nd2 Ne5 13. O-O Nxd3 14.
Qxd3 Ba6 15. c4 O-O 16. Rfd1 Rfd8 17. Nf3 Qe7 18. Qc2 Bb7 19. e5 c5 20. Qc3 Bc6
21. h3 Re8 22. a3 Qe6 23. Rac1 Rad8 24. Re1 Qf5 25. Rcd1 Re6 26. Qd3 Qh5 27.
Qc3 Rh6 28. Qe3 Qg6 29. Qg5 Re8 30. Qxg6 Rxg6 31. Kf1 Rge6 32. Re3 h6 33. Red3
b5 34. b3 Ra8 35. Ra1 bxc4 36. bxc4 Ra4 37. Rc3 Kf8 38. Re1 Bxf3 39. gxf3 Rea6
40. Rd1 Ke7 41. Rdd3 Rb6 42. Kg2 Rg6+ 43. Kf1 d6 44. exd6+ cxd6 45. Re3+ Kd7
46. Re4 f5 47. Re2 Re6 48. Rd2 Kc7 49. Rd5 g6 50. Rd1 Ra8 51. Rb1 Ra4 52. Rd1
Kc6 53. Rd2 Re7 54. Rcd3 Rd7 55. Rc3 d5 56. cxd5+ Rxd5 57. Re2 c4 58. Re8 Kc5
59. Re6 Rd6 60. Ree3 Raa6 61. Ke2 Rd4 62. Re5+ Rd5 63. Re8 Kd4 64. Ree3 Rc6 65.
Kd2 Re5 66. Kc2 f4 67. Rxe5 Kxe5 68. a4 Kd4 69. Ra3 Kc5 70. a5 Kb4 71. Ra1 Ra6
72. Rb1+ Kxa5 73. Kc3 Re6 74. Kxc4 Re2 75. Kc5 Rc2+ 76. Kd4 Rxf2 77. Kc5 Ka4
78. Rb4+ Ka3 79. Rxf4 Kb3 80. Rg4 g5 81. h4 Rxf3 82. hxg5 Rf5+ 83. Kd4 hxg5 84.
Ke4 Ra5 85. Kf3 Kc3 86. Rg1 Kd4 87. Kg4 Ke3 88. Rf1 Ke4 89. Rf8 1/2-1/2

[Event "Gipuzkoako Txapelketa Nagusia"]
[Site "Zarautz"]
[Date "2009.11.14"]
[Round "4"]
[White "Garrido Fernandez, David"]
[Black "Etxagibel Larranaga, Asier"]
[Result "0-1"]
[WhiteElo "1969"]
[BlackElo "1945"]
[PlyCount "128"]
[EventDate "2009.10.24"]
[EventRounds "7"]
[EventCountry "ESP"]

1. e4 c5 2. Nc3 e6 3. Nge2 Nc6 4. g3 Nf6 5. Bg2 Rb8 6. d3 b5 7. Bf4 d6 8. Qd2
b4 9. Nd1 Bb7 10. O-O Be7 11. h3 O-O 12. g4 Nd7 13. Ne3 Nb6 14. Bg3 Rc8 15. f4
d5 16. g5 dxe4 17. Bxe4 Na5 18. Bxb7 Nxb7 19. b3 Nd6 20. Rad1 Nb5 21. Kh2 Nd5
22. Nc4 Nd4 23. Nxd4 cxd4 24. Rde1 Bc5 25. Qe2 Qd7 26. h4 Ne7 27. h5 Nf5 28.
Rg1 Rfe8 29. Ref1 Bd6 30. Qf3 Bb8 31. Rf2 Qc7 32. Qg4 Qb7 33. Re1 Rc5 34. Kh3
g6 35. Kh2 Kg7 36. Re4 Qa6 37. Rfe2 Qxa2 38. Bf2 Rd5 39. Qg1 Red8 40. h6+ Kf8
41. Qe1 Ne3 42. Bxe3 dxe3 43. Qxb4+ Kg8 44. Qc3 Kf8 45. Qg7+ Ke7 46. Qf6+ Kd7
47. Qxf7+ Kc8 48. Qxe6+ Kb7 49. Nxe3 R5d6 50. Rb4+ Kc7 51. Rc4+ Kb6 52. Nd5+
Kb7 53. Qf7+ Ka8 54. Nc7+ Bxc7 55. Rxc7 Qa5 56. Qc4 Kb8 57. Rc5 Qa1 58. Rb5+
Rb6 59. Rxb6+ axb6 60. Re7 Rc8 61. Qe4 Rxc2+ 62. Kg3 Qg1+ 63. Kf3 Qg2+ 64. Ke3
Qf2# 0-1

[Event "Gipuzkoako Txapelketa Nagusia"]
[Site "Zarautz"]
[Date "2009.11.14"]
[Round "4"]
[White "Kuende Gorostidi, Jon"]
[Black "Argandona Riveiro, Jon"]
[Result "0-1"]
[WhiteElo "1805"]
[BlackElo "1979"]
[PlyCount "39"]
[EventDate "2009.10.24"]
[EventRounds "7"]
[EventCountry "ESP"]

1. e4 d6 2. d4 Nf6 3. Nc3 e5 4. Nf3 Nbd7 5. Bc4 Be7 6. Ng5 O-O 7. Bxf7+ Rxf7 8.
Ne6 Qe8 9. Nxc7 Qd8 10. Nxa8 b5 11. dxe5 Nxe5 12. Nd5 Nxe4 13. Be3 Bh4 14. Rf1
Ng4 15. g3 Nxh2 16. Rh1 Bg4 17. Qd3 Nf3+ 18. Kf1 Nxg3+ 19. Kg2 Ne5 20. Qxh7+
0-1

[Event "Gipuzkoako Txapelketa Nagusia"]
[Site "Zarautz"]
[Date "2009.11.14"]
[Round "4"]
[White "Arana Garate, Jon"]
[Black "Izagirre Alsua, Aritz"]
[Result "1-0"]
[WhiteElo "1952"]
[BlackElo "1837"]
[PlyCount "93"]
[EventDate "2009.10.24"]
[EventRounds "7"]
[EventCountry "ESP"]

1. d4 f5 2. Nf3 g6 3. g3 Bg7 4. Bg2 Nf6 5. O-O O-O 6. c4 d6 7. Qc2 Qe8 8. Nc3
c6 9. b3 Na6 10. Ba3 Qd8 11. Rab1 Re8 12. Rfd1 Qc7 13. b4 Nb8 14. b5 Nbd7 15.
Ng5 Nf8 16. Qa4 Bd7 17. Qb3 h6 18. Nf3 Kh7 19. bxc6 bxc6 20. Qb7 Rac8 21. c5 d5
22. Ne5 Be6 23. Rb4 N8d7 24. f4 Nxe5 25. fxe5 Ne4 26. Bxe4 fxe4 27. Rdb1 Qa5
28. R4b3 Bh3 29. Bb4 Qd8 30. Qxa7 e6 31. Nd1 Qg5 32. Nf2 Bf5 33. Qa3 h5 34. Qc1
Qe7 35. Bd2 Rf8 36. Bg5 Qf7 37. Rb7 Rc7 38. Rxc7 Qxc7 39. Qe3 Rf7 40. h3 Qa5
41. g4 Qxa2 42. Rf1 Qa7 43. gxf5 Rxf5 44. Nh1 Qf7 45. Ng3 Rxf1+ 46. Nxf1 h4 47.
Qf4 1-0

[Event "Gipuzkoako Txapelketa Nagusia"]
[Site "Zarautz"]
[Date "2009.11.14"]
[Round "4"]
[White "Juez Villar, Erik"]
[Black "Velte, Daniela"]
[Result "1-0"]
[WhiteElo "1938"]
[BlackElo "1763"]
[PlyCount "87"]
[EventDate "2009.10.24"]
[EventRounds "7"]
[EventCountry "ESP"]

1. d4 Nf6 2. c4 c5 3. d5 b5 4. cxb5 a6 5. b6 Qxb6 6. Nc3 d6 7. Nf3 g6 8. Nd2
Bg7 9. e4 O-O 10. Be2 Nbd7 11. Nc4 Qc7 12. a4 Nb6 13. Ne3 a5 14. O-O Bd7 15.
Kh1 e6 16. dxe6 fxe6 17. Nc4 Nxc4 18. Bxc4 Rad8 19. Qe2 Kh8 20. e5 dxe5 21. Bg5
Rde8 22. Bxf6 Bxf6 23. Ne4 Bg7 24. Bb5 Bxb5 25. axb5 Qb6 26. Rfc1 Rc8 27. Ra3
Bh6 28. Rca1 c4 29. Rxa5 Rf4 30. Ra6 Qd4 31. f3 Qd7 32. Ra7 Qxb5 33. Nd6 Qc5
34. Nxc8 Rd4 35. Nb6 Rd2 36. Ra8+ Kg7 37. Qxd2 Bxd2 38. Nd7 Qb5 39. R8a7 Be3
40. Rc7 Qxb2 41. Nxe5+ Kh6 42. Ng4+ Kg5 43. Ra5+ Kf4 44. Rf7+ 1-0

[Event "Gipuzkoako Txapelketa Nagusia"]
[Site "Zarautz"]
[Date "2009.11.14"]
[Round "4"]
[White "Fernandez Zubitur, Jokin"]
[Black "Lazkano Gaite, Tomas"]
[Result "0-1"]
[WhiteElo "1869"]
[BlackElo "1731"]
[PlyCount "72"]
[EventDate "2009.10.24"]
[EventRounds "7"]
[EventCountry "ESP"]

1. e4 c5 2. Nc3 Nc6 3. g3 d6 4. Bg2 e5 5. d3 Be7 6. f4 Nf6 7. Nf3 Bd7 8. O-O
Qc8 9. fxe5 dxe5 10. Nd5 Bg4 11. c3 c4 12. Nxf6+ Bxf6 13. dxc4 O-O 14. Be3 Na5
15. b3 Qc6 16. Qc2 b6 17. Rad1 Rad8 18. h3 Bh5 19. Rd5 Qe6 20. Kh2 Nb7 21. Rfd1
Nd6 22. Qd3 Bxf3 23. Bxf3 Be7 24. Bg4 Qg6 25. Rxe5 Bf6 26. Rd5 Nxe4 27. Rxd8
Bxd8 28. Qxd8 h5 29. Qd7 hxg4 30. Qxg4 Qxg4 31. hxg4 Nxc3 32. Rd7 Re8 33. Bd4
Re2+ 34. Kh3 Ne4 35. Rxa7 Ng5+ 36. Kh4 Nf3+ 0-1

[Event "Gipuzkoako Txapelketa Nagusia"]
[Site "Zarautz"]
[Date "2009.11.14"]
[Round "4"]
[White "Garro Beraza, Julen"]
[Black "Cantabrana Garona, Alejandro"]
[Result "1-0"]
[WhiteElo "1856"]
[BlackElo "1789"]
[PlyCount "102"]
[EventDate "2009.10.24"]
[EventRounds "7"]
[EventCountry "ESP"]

1. e4 c5 2. Nf3 e6 3. d3 g6 4. g3 Bg7 5. Bg2 Nc6 6. O-O Nge7 7. c3 O-O 8. Be3
d6 9. d4 b6 10. Qd2 Bb7 11. Na3 a6 12. Rad1 Qc7 13. Bh6 Rad8 14. h4 b5 15. Nc2
Na5 16. Rfe1 Nc4 17. Qc1 e5 18. Bxg7 Kxg7 19. h5 h6 20. b3 Nb6 21. Bh3 f5 22.
Nd2 gxh5 23. d5 Bc8 24. exf5 Nxf5 25. Bg2 Qf7 26. Ne4 Ne7 27. Ne3 Bf5 28. Rf1
Qg6 29. Nxf5+ Nxf5 30. Rd3 Kh8 31. Qd1 Rg8 32. Bh3 Rdf8 33. Kh2 Ne7 34. Qe2 Rg7
35. Be6 c4 36. Rf3 Rxf3 37. Qxf3 Nbxd5 38. Bh3 Rf7 39. Qg2 cxb3 40. axb3 Rg7
41. Ra1 Nc7 42. c4 bxc4 43. bxc4 d5 44. cxd5 Nexd5 45. Rb1 h4 46. Rb8+ Rg8 47.
Rb7 hxg3+ 48. fxg3 Qc6 49. Rb2 Nf4 50. Rc2 Qg6 51. gxf4 Qc6 1-0

[Event "Gipuzkoako Txapelketa Nagusia"]
[Site "Zarautz"]
[Date "2009.11.14"]
[Round "4"]
[White "Zubia Aramburu, Mikel"]
[Black "Goni Garmendia, Aitor"]
[Result "0-1"]
[WhiteElo "1863"]
[BlackElo "1847"]
[PlyCount "66"]
[EventDate "2009.10.24"]
[EventRounds "7"]
[EventCountry "ESP"]

1. c4 Nf6 2. Nc3 g6 3. d4 Bg7 4. Nf3 O-O 5. e4 d6 6. Bg5 Nbd7 7. Qd2 c5 8. d5
Ng4 9. h3 Nge5 10. Nxe5 Nxe5 11. Bh6 f5 12. Bxg7 Kxg7 13. f4 Nf7 14. Bd3 e5 15.
O-O-O exf4 16. exf5 Ne5 17. fxg6 hxg6 18. Rhf1 f3 19. gxf3 Bxh3 20. Rh1 Nxf3
21. Qe3 Qg5 22. Qxg5 Nxg5 23. Rdg1 Bf5 24. Bxf5 Rxf5 25. Nb5 Nh7 26. Nc7 Rb8
27. Rh2 a6 28. Rgh1 Kf6 29. Rxh7 Rg8 30. Ne6 g5 31. b4 cxb4 32. Kc2 g4 33. R1h2
g3 0-1

[Event "CTO. ABSOLUTO DE GIPUZKOA"]
[Site "Azkoitia"]
[Date "2010.11.13"]
[Round "5.1"]
[White "Martin Alvarez, Inigo"]
[Black "Urretavizcaya Merino, Asier"]
[Result "0-1"]
[WhiteElo "2292"]
[BlackElo "2097"]
[PlyCount "71"]
[EventDate "2010.10.16"]

1. e4 c5 2. Nf3 d6 3. d4 cxd4 4. Qxd4 a6 5. Be3 Nc6 6. Qd2 Nf6 7. Nc3 Ng4 8.
Nd5 Nxe3 9. Qxe3 Qa5+ 10. c3 e6 11. Nb6 Rb8 12. b4 Qh5 13. Be2 Be7 14. Nd4 Nxd4
15. cxd4 Qg6 16. Qc3 O-O 17. O-O e5 18. d5 Bg4 19. Bxg4 Qxg4 20. Rfe1 f5 21.
Qc7 Bh4 22. Nd7 Rbc8 23. Qxd6 Bxf2+ 24. Kh1 Bxe1 25. Rxe1 Rfe8 26. h3 Qg3 27.
Rf1 Rc2 28. Rg1 fxe4 29. Nc5 e3 30. Qd7 Qg6 31. Ne6 e2 32. Re1 Qf7 33. Qa4 Rec8
34. d6 b5 35. Qxa6 Qxe6 36. Qxb5 0-1

[Event "CTO. ABSOLUTO DE GIPUZKOA"]
[Site "Azkoitia"]
[Date "2010.11.13"]
[Round "5.2"]
[White "Franco Alonso, Alejandro"]
[Black "Nogues Fernandez, Ramon"]
[Result "1-0"]
[WhiteElo "2490"]
[BlackElo "1908"]
[PlyCount "87"]
[EventDate "2010.10.16"]

1. Nf3 Nf6 2. c4 d6 3. d4 g6 4. Nc3 Bg7 5. e4 O-O 6. Be2 c5 7. O-O cxd4 8. Nxd4
Nc6 9. Be3 Bd7 10. Qd2 Nxd4 11. Bxd4 Bc6 12. f3 a5 13. Rab1 Nd7 14. Be3 Nc5 15.
Rfc1 Bd7 16. Rd1 Bc6 17. Bf1 Re8 18. Kh1 Rc8 19. b3 Ra8 20. Qe1 Qb8 21. Rbc1 b6
22. Qf2 Qb7 23. Nd5 e6 24. Nc3 Rad8 25. Bg5 Rd7 26. Qh4 Qb8 27. Bf6 Bxf6 28.
Qxf6 Qd8 29. Qd4 Qg5 30. Rc2 f5 31. exf5 gxf5 32. Qf2 f4 33. Rcd2 Red8 34. Bd3
Nxd3 35. Rxd3 Qc5 36. Qe1 Qf5 37. Qd2 Kf7 38. Qf2 Qc5 39. Qh4 Qf5 40. Ne4 Bxe4
41. fxe4 Qxe4 42. Rd4 Qc2 43. Rxf4+ Kg8 44. Rg4+ 1-0

[Event "CTO. ABSOLUTO DE GIPUZKOA"]
[Site "Azkoitia"]
[Date "2010.11.13"]
[Round "5.3"]
[White "Garro Beraza, Haritz"]
[Black "Guijarro Galan, Jose Luis"]
[Result "1/2-1/2"]
[WhiteElo "2153"]
[BlackElo "2222"]
[PlyCount "42"]
[EventDate "2010.10.16"]

1. e4 c5 2. Nf3 d6 3. d4 cxd4 4. Nxd4 Nf6 5. Nc3 g6 6. Be3 Bg7 7. f3 O-O 8. Bc4
Nc6 9. Qd2 Bd7 10. O-O-O Rb8 11. Kb1 Nxd4 12. Bxd4 b5 13. Be2 a5 14. Nd5 Nxd5
15. exd5 Bxd4 16. Qxd4 Qb6 17. Rhe1 Rfc8 18. Qxb6 Rxb6 19. Bd3 Kf8 20. Re3 Rb7
21. Rde1 Bf5 1/2-1/2

[Event "CTO. ABSOLUTO DE GIPUZKOA"]
[Site "Azkoitia"]
[Date "2010.11.13"]
[Round "5.4"]
[White "Irure Crespo, Egoitz"]
[Black "Etxagibel Larranaga, Asier"]
[Result "1/2-1/2"]
[WhiteElo "1977"]
[BlackElo "1964"]
[PlyCount "66"]
[EventDate "2010.10.16"]

1. e4 c5 2. Nf3 Nc6 3. d4 cxd4 4. Nxd4 Nf6 5. Nc3 e5 6. Ndb5 d6 7. Bg5 a6 8.
Na3 b5 9. Nd5 Be7 10. Bxf6 Bxf6 11. c4 bxc4 12. Nxc4 Nd4 13. Ncb6 Ra7 14. Rc1
Bd7 15. Nxd7 Rxd7 16. Qa4 O-O 17. Qxa6 Qb8 18. b4 Ra7 19. Qc4 Qa8 20. Bd3 Bg5
21. f4 Bh4+ 22. g3 Rxa2 23. O-O Qa7 24. Kh1 Bf6 25. fxe5 dxe5 26. Nxf6+ gxf6
27. Rxf6 Kg7 28. Rcf1 Ra1 29. Qc3 Rxf1+ 30. Rxf1 Qb7 31. Qd2 f6 32. b5 Rd8 33.
Qd1 Qd7 1/2-1/2

[Event "CTO. ABSOLUTO DE GIPUZKOA"]
[Site "Azkoitia"]
[Date "2010.11.13"]
[Round "5.5"]
[White "Ruiz Abad, Juan Manuel"]
[Black "Ruiz Martinez, Isidro"]
[Result "0-1"]
[WhiteElo "1896"]
[BlackElo "1955"]
[PlyCount "58"]
[EventDate "2010.10.16"]

1. e4 e5 2. Nf3 Nc6 3. Bb5 a6 4. Ba4 Nf6 5. Qe2 b5 6. Bb3 Be7 7. c3 O-O 8. O-O
d6 9. Rd1 Na5 10. Bc2 c5 11. d4 Qc7 12. d5 h6 13. Nbd2 Nh7 14. h3 f5 15. exf5
Bxf5 16. Bxf5 Rxf5 17. Ne4 Raf8 18. Be3 Nc4 19. a4 Qd7 20. Ng3 Rxf3 21. gxf3
Qxh3 22. Bc1 Bg5 23. Qf1 Qh4 24. Qg2 Bxc1 25. Rdxc1 Ng5 26. axb5 Nxf3+ 27. Kf1
Ncd2+ 28. Ke2 Qc4+ 29. Ke3 e4 0-1

[Event "CTO. ABSOLUTO DE GIPUZKOA"]
[Site "Azkoitia"]
[Date "2010.11.13"]
[Round "5.6"]
[White "Argandoña Riveiro, Iñigo"]
[Black "Alvarado Fernandez, Mikel"]
[Result "1-0"]
[WhiteElo "2408"]
[BlackElo "2010"]
[PlyCount "73"]
[EventDate "2010.10.16"]

1. c4 Nf6 2. Nc3 e6 3. e4 d6 4. d4 Nbd7 5. f4 g6 6. e5 Ng8 7. Nf3 dxe5 8. fxe5
c6 9. c5 Ne7 10. Bg5 Qc7 11. Ne4 Nd5 12. h4 h6 13. Nd6+ Bxd6 14. exd6 Qa5+ 15.
Bd2 Qd8 16. Qc1 b6 17. b4 a5 18. b5 Bb7 19. Bxh6 bxc5 20. dxc5 Qf6 21. Bg5 Qc3+
22. Bd2 Qxc1+ 23. Rxc1 Rc8 24. Nd4 O-O 25. bxc6 Bxc6 26. Nxc6 Rxc6 27. Bb5 Rfc8
28. Bxc6 Rxc6 29. Bxa5 Nf4 30. Rc4 Nd3+ 31. Kd2 N3e5 32. Rc2 Ra6 33. Bc3 Nc6
34. Rb1 e5 35. Ba1 f6 36. Rb7 Nf8 37. Rb6 1-0

[Event "CTO. ABSOLUTO DE GIPUZKOA"]
[Site "Azkoitia"]
[Date "2010.11.13"]
[Round "5.7"]
[White "Galarza Cenzano, Inigo"]
[Black "Garro Beraza, Julen"]
[Result "1-0"]
[WhiteElo "2027"]
[BlackElo "1959"]
[PlyCount "77"]
[EventDate "2010.10.16"]

1. e4 c5 2. Nc3 e6 3. f4 Nc6 4. Nf3 d6 5. Bb5 Bd7 6. O-O Qc7 7. d3 Be7 8. Bd2
Nf6 9. Bxc6 Bxc6 10. Rb1 h5 11. Qe2 h4 12. Ng5 Qd7 13. Rbe1 Nh5 14. Qf2 f6 15.
Nh3 O-O-O 16. f5 Rdg8 17. fxe6 Qxe6 18. Nd5 Bd8 19. c4 g5 20. Qf5 Bd7 21. Qxe6
Bxe6 22. Bc3 Rh6 23. Ne3 Rhg6 24. Nf5 Kd7 25. b3 Nf4 26. Kh1 Nh5 27. d4 cxd4
28. Bxd4 a6 29. Rd1 Bc7 30. Be3 Re8 31. Nxd6 Bxd6 32. c5 Bxh3 33. Rxd6+ Kc7 34.
gxh3 Rxe4 35. Bd2 Nf4 36. Ba5+ b6 37. Bxb6+ Kc8 38. Rfd1 Re2 39. Rc6+ 1-0

[Event "CTO. ABSOLUTO DE GIPUZKOA"]
[Site "Azkoitia"]
[Date "2010.11.13"]
[Round "5.8"]
[White "Tejedor Txapartegi, Nabar"]
[Black "Fernandez Zubitur, Jokin"]
[Result "1/2-1/2"]
[WhiteElo "1995"]
[BlackElo "1907"]
[PlyCount "50"]
[EventDate "2010.10.16"]

1. e4 e5 2. d4 exd4 3. Qxd4 Nc6 4. Qe3 Nf6 5. Nc3 Bb4 6. Bd2 O-O 7. O-O-O Re8
8. Qg3 Rxe4 9. a3 Bxc3 10. Bxc3 d6 11. Ne2 Nh5 12. Qd3 Bf5 13. f3 Nf4 14. Nxf4
Rxf4 15. Qd2 Rh4 16. g3 Rh6 17. Qf4 Bd7 18. Bc4 Be6 19. Bd3 Bd7 20. g4 Re6 21.
Bc4 Re7 22. Qg5 Ne5 23. Bb3 h6 24. Qh5 Qf8 25. Qh3 Be6 1/2-1/2

[Event "CTO. ABSOLUTO DE GIPUZKOA"]
[Site "Azkoitia"]
[Date "2010.11.13"]
[Round "5.9"]
[White "Priya Beitia, Aitor"]
[Black "Segovia Sanchez, Antonio"]
[Result "1-0"]
[WhiteElo "1582"]
[BlackElo "1983"]
[PlyCount "79"]
[EventDate "2010.10.16"]

1. e4 d5 2. exd5 Qxd5 3. Nf3 Nf6 4. Nc3 Qa5 5. d4 Bf5 6. Bd2 c6 7. Ne4 Qc7 8.
Nxf6+ gxf6 9. c4 e6 10. a3 Bg7 11. Bc3 Nd7 12. Bd3 Bg4 13. Be2 O-O-O 14. Qa4
Kb8 15. c5 e5 16. Ba5 b6 17. cxb6 axb6 18. Bc3 e4 19. Nd2 Bxe2 20. Kxe2 Kb7 21.
Qb3 Qf4 22. Nc4 f5 23. d5 cxd5 24. Na5+ Ka6 25. a4 bxa5 26. Qb5+ Ka7 27. Qxa5+
Kb8 28. Qb5+ Ka7 29. Bxg7 Qg4+ 30. Kd2 Qxg7 31. Qa5+ Kb7 32. Qb4+ Nb6 33. a5
Qf6 34. axb6 Qxb6 35. Qe7+ Kb8 36. Qe5+ Rd6 37. Qxh8+ Kc7 38. Rhc1+ Kd7 39.
Qc8+ Ke7 40. Qc7+ 1-0

[Event "CTO. ABSOLUTO DE GIPUZKOA"]
[Site "Azkoitia"]
[Date "2010.11.13"]
[Round "5.11"]
[White "Puga Senar, Fernando"]
[Black "Izagirre Alsua, Aritz"]
[Result "1-0"]
[WhiteElo "1732"]
[BlackElo "1823"]
[PlyCount "97"]
[EventDate "2010.10.16"]

1. d4 f5 2. c4 Nf6 3. Nc3 g6 4. g3 Bg7 5. Nh3 d6 6. Nf4 e5 7. dxe5 dxe5 8.
Qxd8+ Kxd8 9. Nfd5 c6 10. Nxf6 Bxf6 11. Be3 Na6 12. Bg2 Be6 13. Rd1+ Kc7 14. b3
g5 15. O-O h5 16. Na4 b6 17. f4 gxf4 18. gxf4 Nb4 19. Rd2 e4 20. a3 Na6 21. Bd4
Bxd4+ 22. Rxd4 Rhg8 23. Rfd1 Rg4 24. e3 h4 25. Rd6 Re8 26. Kf2 Rg6 27. Bh3 Reg8
28. b4 Nb8 29. Nc3 Bd7 30. Rxg6 Rxg6 31. Ne2 c5 32. Rd5 cxb4 33. axb4 Be6 34.
Bxf5 Bxf5 35. Rxf5 Nc6 36. b5 Na5 37. c5 bxc5 38. Rxc5+ Kb6 39. Re5 Nb7 40. Nd4
Nc5 41. Rh5 Nd3+ 42. Kf1 Rg4 43. Rg5 Rxg5 44. fxg5 Ne5 45. Kg2 Kc7 46. Kh3 Kd6
47. Kxh4 Ke7 48. Kg3 Kf7 49. Kf4 1-0

[Event "CTO. ABSOLUTO DE GIPUZKOA"]
[Site "Azkoitia"]
[Date "2010.11.13"]
[Round "5.12"]
[White "Kuende Gorostidi, Jon"]
[Black "Bello Castaño, Diego"]
[Result "0-1"]
[WhiteElo "1802"]
[BlackElo "1893"]
[PlyCount "78"]
[EventDate "2010.10.16"]

1. e4 c6 2. d4 d5 3. exd5 cxd5 4. c4 Nf6 5. Nc3 e6 6. Nf3 Be7 7. Bd3 O-O 8. Bg5
dxc4 9. Bxc4 a6 10. Bd3 Nc6 11. Rc1 h6 12. h4 Nb4 13. Bb1 Re8 14. a3 Nc6 15.
Qd3 Qa5 16. Bxf6 Bxf6 17. Qh7+ Kf8 18. O-O Nxd4 19. Nxd4 Bxd4 20. Ne4 Bxb2 21.
Nd6 Rd8 22. Nc4 Qb5 23. Nxb2 Qxb2 24. Rc2 Qe5 25. Rfc1 Bd7 26. Rc5 Qd4 27. Rc7
Rac8 28. Rxc8 Bxc8 29. Bc2 Bd7 30. Rd1 Qe5 31. a4 Ke7 32. Qd3 Qc7 33. a5 Bc6
34. Qa3+ Ke8 35. Re1 Qd6 36. Qb2 Qd4 37. Qb1 Qxh4 38. f3 Qg5 39. Bg6 Qxg6 0-1